Democracy and the quaker method (Record no. 420767)

000 -LEADER
fixed length control field 00473cam a22001457a 4500
008 - FIXED-LENGTH DATA ELEMENTS--GENERAL INFORMATION
fixed length control field 180718b1949 xxu||||| |||| 00| 0 eng d
082 ## - DEWEY DECIMAL CLASSIFICATION NUMBER
Classification number B253 P761
100 ## - MAIN ENTRY--PERSONAL NAME
Personal name Pollard, Francis E.
245 ## - TITLE STATEMENT
Title Democracy and the quaker method
Statement of responsibility, etc. by Francis E. Pollard, Beatrice E. Pollard and Robert S.W Po
260 ## - PUBLICATION, DISTRIBUTION, ETC.
Place of publication, distribution, etc. London
Name of publisher, distributor, etc. Bannisdale Press
Date of publication, distribution, etc. 1949
300 ## - PHYSICAL DESCRIPTION
Extent 160p
650 ## - SUBJECT ADDED ENTRY--TOPICAL TERM
Topical term or geographic name entry element Society of Friends --Government.
700 ## - ADDED ENTRY--PERSONAL NAME
Personal name Pollard, S.W. Pollard
700 ## - ADDED ENTRY--PERSONAL NAME
Personal name Pollard, Beatrice E.
Holdings
Withdrawn status Lost status Damaged status Not for loan Permanent Location Current Location Date acquired Full call number Barcode Date last seen Price effective from Koha item type
        Indian Institute of Public Administration Indian Institute of Public Administration 2009-07-20 B253 P761 10520 2018-07-21 2018-07-21 Book

Powered by Koha